00434 a2200133 4500020001300000082002200013100004400035245007400079260003600153300002800189650003800217700002600255700001900281 a07168101 a700.452.042bE77e a Iriarte, Elvira Maria y Ortega, Eliana aEspejos que dejan verbmujeres en las artes visulaes latinoamericanas aChilebIsis Internacionalc2002 a296 pbill (col)c24 cm amujeres en el artezlatinoamerica aElvira Maria Iriarte aEliana Ortega